00398nam a22001217a 4500040000900000100004200009245004000051260003800091300001000129942001200139999001900151952010600170 cSCME aE.Totten. George ,Liang Hong9113237 aSurface modification and mechanisms aMarcel dekker ,INCbNewYorkc2004 a744p. 2ddccBK c594988d594988 00102ddc4070aSCMEbSCMEcCARTd2023-06-23l0o620.44 G346SpSCME-4845r2023-06-23w2023-06-23yBK